The journey / (Record no. 71071)
[ view plain ]
| 000 -LEADER | |
|---|---|
| fixed length control field | 00669cam8a220021700 4500 |
| 001 - CONTROL NUMBER | |
| control field | roe00368470 |
| 003 - CONTROL NUMBER IDENTIFIER | |
| control field | UPRA |
| 005 - DATE AND TIME OF LATEST TRANSACTION | |
| control field | 20190815111817.0 |
| 008 - FIXED-LENGTH DATA ELEMENTS--GENERAL INFORMATION | |
| fixed length control field | 950522s1967 ja eng u |
| 020 ## - INTERNATIONAL STANDARD BOOK NUMBER | |
| Terms of availability | |
| -- | .95 |
| 035 ## - SYSTEM CONTROL NUMBER | |
| System control number | (Sirsi) r122390 |
| 035 ## - SYSTEM CONTROL NUMBER | |
| System control number | (UPRA)roe00368470 |
| 040 ## - CATALOGING SOURCE | |
| Transcribing agency | UPRA |
| 041 1# - LANGUAGE CODE | |
| Language code of text/sound track or separate title | eng jpn |
| Language code of original | eng jpn |
| 100 1# - MAIN ENTRY--PERSONAL NAME | |
| Personal name | Osaragi, Jiro, 1897-1973. |
| Dates associated with a name | Osaragi, Jiro, 1897-1973. |
| Linkage | A90035.1 |
| 245 14 - TITLE STATEMENT | |
| Title | The journey / |
| Statement of responsibility, etc. | by Jiro Osaragi ; translated from the Japanese by Ivan Morris. |
| 260 ## - PUBLICATION, DISTRIBUTION, ETC. | |
| Place of publication, distribution, etc. | Tokyo : |
| Name of publisher, distributor, etc. | Charles E. Tuttle, |
| Date of publication, distribution, etc. | [1967] |
| 500 ## - GENERAL NOTE | |
| General note | Translation of Tabiji. |
| 949 ## - LOCAL PROCESSING INFORMATION (OCLC) | |
| a | PL835.S3 |
| w | lcc |
| i | -176113 |
| m | MAIN |
| p | 795 |
| t | BOOK |
| l | ON-SHELF |
No items available.